TE LINDE'S OPERATIVE GYNECOLOGY (Record no. 30829)

MARC details
000 -LEADER
fixed length control field 00406nam a22001697a 4500
003 - CONTROL NUMBER IDENTIFIER
control field SGT
020 ## - INTERNATIONAL STANDARD BOOK NUMBER
International Standard Book Number 9789390612864
082 ## - DEWEY DECIMAL CLASSIFICATION NUMBER
Classification number 618.1
Item number T22J
100 ## - MAIN ENTRY--PERSONAL NAME
Personal name JONES, HOWARD W.
245 ## - TITLE STATEMENT
Title TE LINDE'S OPERATIVE GYNECOLOGY
250 ## - EDITION STATEMENT
Edition statement 1ST S.A
260 ## - PUBLICATION, DISTRIBUTION, ETC. (IMPRINT)
Place of publication, distribution, etc INDIA
Name of publisher, distributor, etc WOLTERS KLUWER PUB
Year of Publication 2022
300 ## - PAGE DESCRIPTION
No. of Pages 1252
650 ## - SUBJECT ADDED ENTRY--TOPICAL TERM
Topical term or geographic name as entry element OBST. GYNE
653 ## - KEYWORDS--INDEX TERM
Keyword term TE LINDE'S OPERATIVE GYNECOLOGY
942 ## - ADDED ENTRY ELEMENTS (KOHA)
Source of classification or shelving scheme Dewey Decimal Classification
Koha item type Books
Holdings
Withdrawn status Lost status Source of classification or shelving scheme Damaged status Not for loan Collection code Home library Current library Shelving location Date acquired Vendor Name Cost, normal purchase price SGTU Bill Number Total Checkouts Full call number Accession No. (Barcode) Date last seen Bill Date Koha item type
    Dewey Decimal Classification   Not For Loan MEDICAL SGT Medical Library SGT Medical Library Reference Book 11/02/2025 ABC DELHI 7999.00 SGTU 20461   618.1 T22J FM15120 09/04/2025 11/02/2025 Books